| 000 | 01307nam a2200325 i 4500 | ||
|---|---|---|---|
| 001 | 49514 | ||
| 003 | ES-MaACL | ||
| 005 | 20230906162005.0 | ||
| 007 | t| | ||
| 008 | 030717s1979 sp ||||1| spa d | ||
| 020 | _a84-00-04397-9 | ||
| 080 | _a929 Costa, Joaquín | ||
| 080 | _a929 Bescós, Manuel | ||
| 100 | 1 |
_aCosta, Joaquín, _d1846-1911 _941054 |
|
| 245 | 1 | 0 |
_aEpistolario J. Costa-M. Bescós, 1899-1910 : _bconfidencias políticas y personales / _c[edición, introducción y notas] G.J.G. Cheyne. |
| 260 |
_aZaragoza : _bInstitución "Fernando el Católico", _c[1979] |
||
| 300 |
_a214 p. 3 h. de lám. ; _c22 cm. |
||
| 490 | 1 |
_aTemas aragoneses ; _v22 |
|
| 490 | 1 |
_aPublicación de la Institución "Fernando el Católico" ; _v702 |
|
| 594 | _aSilvio Kossti es seud. de Manuel Bescós Almudévar, discípulo y amigo de Joaquín Costa. | ||
| 600 | 1 | 4 |
_aCosta, Joaquín _d1846-1911- _vCorrespondencia _941056 |
| 600 | 1 | 4 |
_aKossti, Silvio. _968639 |
| 700 | 1 |
_aKossti, Silvio. _968639 |
|
| 700 | 1 |
_aCheyne, George J. G. _938445 |
|
| 710 | 2 |
_aInstitución "Fernando el Católico" _94721 |
|
| 830 | 1 |
_aTemas aragoneses ; _v22 _9187111 |
|
| 830 | 1 | 0 |
_aPublicación ... de la Institución Fernando el Católico _v702 _9233871 |
| 852 |
_aES-MaACL _jL-10830 |
||
| 999 |
_c49514 _d49514 |
||